| 000 | 00491nam a22001577a 4500 | ||
|---|---|---|---|
| 999 |
_c9237 _d9237 |
||
| 008 | 210330b ||||| |||| 00| 0 eng d | ||
| 040 | _aBMS College of Architecture | ||
| 100 | _aPrasad Ekta | ||
| 245 | _aProposed office complex A I A D A at Adityapur Jharkand | ||
| 300 | _a65p. | ||
| 500 | _a1BM01AT007 | ||
| 502 |
_8B.Arch _NBMS College of Architecture, Visvesvaraya Technological University _aProject report _d2005 |
||
| 650 | _aJharkand | ||
| 700 |
_aJaisim _eGuide |
||
| 942 |
_2ddc _cTHE |
||